SOURCE BOOK ON STAINLESS STEELS (Record no. 582092)

000 -LEADER
fixed length control field 00326nam a22001217a 4500
082 ## - DEWEY DECIMAL CLASSIFICATION NUMBER
Classification number 669.1 SOU
100 ## - MAIN ENTRY--PERSONAL NAME
Personal name PDF
9 (RLIN) 56879
245 ## - TITLE STATEMENT
Title SOURCE BOOK ON STAINLESS STEELS
260 ## - PUBLICATION, DISTRIBUTION, ETC.
Place of publication, distribution, etc. USA
Name of publisher, distributor, etc. ASM
Date of publication, distribution, etc. 1977
300 ## - PHYSICAL DESCRIPTION
Extent 406P
650 ## - SUBJECT ADDED ENTRY--TOPICAL TERM
Topical term or geographic name entry element SHEET STEEL ADDRESSES ESSAYS LECTURES STRUCTURE ADDRESSES ESSAYS LECTURES
9 (RLIN) 76755
942 ## - ADDED ENTRY ELEMENTS (KOHA)
Koha item type Book
Holdings
Withdrawn status Lost status Damaged status Not for loan Permanent Location Current Location Shelving location Date acquired Total Checkouts Full call number Barcode Date last seen Price effective from Koha item type
        College of Electrical & Mechanical Engineering (CEME) College of Electrical & Mechanical Engineering (CEME) General Stacks 06/01/2017   669.1 SOU CEME-10506 06/28/2021 06/28/2021 Book
        College of Electrical & Mechanical Engineering (CEME) College of Electrical & Mechanical Engineering (CEME) General Stacks 06/01/2017   669.1 SOU CEME-10507 06/28/2021 06/28/2021 Book
© 2023 Central Library, National University of Sciences and Technology. All Rights Reserved.